LEADER 01416cam0-2200445---450- 001 990005941630403321 005 20080111114910.0 035 $a000594163 035 $aFED01000594163 035 $a(Aleph)000594163FED01 035 $a000594163 100 $a20000112d1965----km-y0itay50------ba 101 1 $aita 102 $aIT 105 $ay-------001yy 200 1 $aFisico e delinquenza$fSheldon e Eleanor Glueck$ga cura di F. Ferracuti e G. Tartaglione$gpresentazione di Benigno Di Tullio 210 $aFirenze$cUniversitaria G. Barbčra$dstampa 1965 215 $a370 p.$d21 cm 225 1 $aCollezione psicologica$fdiretta da Alberto Marzi 454 0$12001$aPhysique and delinquency$923076 610 0 $aDelinquenza minorile 610 0 $aPsicologia e antropologia criminale 676 $a364.36 676 $a345$v20$zita 700 1$aGlueck,$bSheldon$f<1896-1980>$0224782 701 1$aGlueck Touroff,$bEleanor$f<1898-1972>$0403477 702 1$aFerracuti,$bFranco 702 1$aTartaglione,$bGirolamo 702 1$aDi Tullio,$bBenigno 801 0$aIT$bUNINA$gRICA$2UNIMARC 901 $aBK 912 $a990005941630403321 952 $aXII F 398 (2)$b82275$fFGBC 952 $aGLU364.36A$b045637$fDECBC 952 $a364.36 GLU 1$bIst. psic.2199$fFLFBC 959 $aFGBC 959 $aDECBC 959 $aFLFBC 996 $aPhysique and delinquency$923076 997 $aUNINA LEADER 01547nas 2200481-a 450 001 996210882503316 005 20240413021223.0 035 $a(CKB)954928573689 035 $a(CONSER)---85644805- 035 $a(EXLCZ)99954928573689 100 $a20751101b19341977 --- a 101 0 $aeng 181 $ctxt$2rdacontent 182 $cc$2rdamedia 183 $acr$2rdacarrier 200 00$aProceedings of the Indian Academy of Sciences$hSection B 210 $aBangalore City $cIndian Academy of Sciences$d1935-[1977] 215 $a1 online resource 300 $aPublished: Hebbal, Bangalore, <-1977>. 311 $aPrint version: Proceedings of the Indian Academy of Sciences. (DLC) 85644805 (DLC)sn 79001625 (OCoLC)1752819 0370-0097 531 $aPROCEEDINGS. B 531 $aPROCEEDINGS 531 $aPROCEEDINGS OF THE INDIAN ACADEMY OF SCIENCES SECTION B 531 $aProc. Indian Acad. Sci., Sect. B Biol. Sci 606 $aBotany$vPeriodicals 606 $aZoology$vPeriodicals 606 $aBotany$2fast$3(OCoLC)fst00836869 606 $aZoology$2fast$3(OCoLC)fst01184696 606 $aScience 608 $aPeriodicals.$2fast 608 $aPeriodical. 615 0$aBotany 615 0$aZoology 615 7$aBotany. 615 7$aZoology. 615 2$aScience. 676 $a580/.5 712 02$aIndian Academy of Sciences. 906 $aJOURNAL 912 $a996210882503316 920 $aexl_impl conversion 996 $aProceedings of the Indian Academy of Sciences$92187563 997 $aUNISA